Small-scale employment and production in developing countries: evidence from Ghana (Record no. 354929)

000 -LEADER
fixed length control field 00435cam a22001337a 4500
008 - FIXED-LENGTH DATA ELEMENTS--GENERAL INFORMATION
fixed length control field 180718b1977 xxu||||| |||| 00| 0 eng d
082 ## - DEWEY DECIMAL CLASSIFICATION NUMBER
Classification number R11x667 St32
100 ## - MAIN ENTRY--PERSONAL NAME
Personal name Steel, William F.
245 ## - TITLE STATEMENT
Title Small-scale employment and production in developing countries: evidence from Ghana
Statement of responsibility, etc. by William F. Steel
260 ## - PUBLICATION, DISTRIBUTION, ETC.
Place of publication, distribution, etc. New York
Name of publisher, distributor, etc. Praeger
Date of publication, distribution, etc. 1977
300 ## - PHYSICAL DESCRIPTION
Extent 235p.
650 ## - SUBJECT ADDED ENTRY--TOPICAL TERM
Topical term or geographic name entry element Industry, Small-Scale - Ghana
650 ## - SUBJECT ADDED ENTRY--TOPICAL TERM
Topical term or geographic name entry element Employment - Ghana
Holdings
Withdrawn status Lost status Damaged status Not for loan Permanent Location Current Location Date acquired Full call number Barcode Date last seen Price effective from Koha item type
        Indian Institute of Public Administration Indian Institute of Public Administration 1993-12-15 R11x667 St32 53683 2018-07-21 2018-07-21 Book

Powered by Koha